Foreign language standards : (Record no. 12265)

000 -LEADER
fixed length control field 00658cam a2200181 a 4500
020 ## - INTERNATIONAL STANDARD BOOK NUMBER
ISBN 084429375X (pbk)
040 ## - CATALOGING SOURCE
Transcribing agency DLC
082 00 - DEWEY DECIMAL CLASSIFICATION NUMBER
Classification number 407 NAT 1999 A022 Or.
245 00 - TITLE STATEMENT
Title Foreign language standards :
Remainder of title linking research, theories, and practices /
260 ## - PUBLICATION, DISTRIBUTION, ETC. (IMPRINT)
Place of publication Lincolnwood, Ill. :
Name of publisher National Textbook Co. in conjunction with the American Council on the Teaching of Foreign Languages,
Year of publication c1999.
300 ## - PHYSICAL DESCRIPTION
Number of Pages v, 266 p. ;
Dimensions 23 cm.
650 #0 - SUBJECT ADDED ENTRY--TOPICAL TERM
Topical Term Language and languages
650 #0 - SUBJECT ADDED ENTRY--TOPICAL TERM
Topical Term Intercultural communication
700 1# - ADDED ENTRY--PERSONAL NAME
Personal name Phillips, June K.
700 1# - ADDED ENTRY--PERSONAL NAME
Personal name Terry, Robert M.
710 2# - ADDED ENTRY--CORPORATE NAME
Corporate name or jurisdiction name as entry element American Council on the Teaching of Foreign Languages.
942 ## - ADDED ENTRY ELEMENTS (KOHA)
Koha item type សៀវភៅភាសាអង់គ្លេស
952 ## - LOCATION AND ITEM INFORMATION (KOHA)
Withdrawn status [LOCAL, KOHA] 0
Holdings
Permanent Location Date acquired Koha item type Lost status Shelving location Barcode Current Location Full call number
Library Block A2017-08-11សៀវភៅភាសាអង់គ្លេស A022A16903Library Block A407 NAT 1999 A022 Or.
មជ្ឈមណ្ឌលឯការនៃសាកលវិទ្យាល័យភូមិន្ទកសិកម្មចំការដូង

Powered by Koha